00494nam a2200109Ia 4500008004100000050002400041100002500065245016200090260008600252300003400338521001200372140724s9999 xx 000 0 und d aRT 48.6b.P438 2010 aPerez, Rosen Jeyssa. 2aA community diagnosis of CAA-A, Las Piñas City Lanzones St, Camachile St, Santol St, Mangga St, Bayabas St, Avocado St, Rambotan St. /cRosen Jeyssa Perez. aLas Piñas, Philippines :bSouthville International School and Colleges,cc2010. a174 p. :bcol. Ill. ;c28 cm. aNursing